000
00253nam a2200097Ia 4500
001
712135
005
20250826162821.0
008
250824s9999 xx 000 0 und d
245
0
_a
KIRMIZI KÜPELER BABİL KULESİ
_c
ORHAN KEMAL
260
_b
EVEREST YAYINLARI
999
_c
712135
_d
712135